Tous les plans de fabrication avec un nom prédéfini dans Zelda TOTK - Statistiques

Statistiques générales
  • Ce quiz a été pris 6 fois
  • Le résultat moyen est 7 sur 45
Statistiques - réponses
Véhicules constructibles via Duplicata % Correct
Aéronef
67%
Pont
50%
Deux-roues laser
33%
Ejecteur
33%
Lance-flamme de combat
33%
Lance-laser de combat
33%
Montgolfière
33%
Plateforme d'infiltration
33%
Radeau de la foudre
33%
Radeau des Sables
33%
Tank
33%
Boulet de combat
17%
Chariot
17%
Cuisine instantanée
17%
Déverseur instantané
17%
Eclairage instantané
17%
Excavatrice
17%
Hors-bord
17%
Lance-foudre de combat
17%
Lance-glace de combat
17%
Monocycle
17%
Montgolfière à double brûleur
17%
Montgolfière de combat
17%
Piège à dispersion
17%
Plateforme instantanée
17%
Plateforme propulsée
17%
Radeau polyvalent
17%
Aéronef de combat
0%
Aéronef vertical
0%
Arroseur propuklsé
0%
Bateau de pêche
0%
Canon abandonné
0%
Canon aérien à propulsion
0%
Chariot d'assaut
0%
Dispositif d'évacuation d'urgence
0%
Ecran de fumée à fusée
0%
Givreur aquatique
0%
Laser rotatif de combat
0%
Quatre-roues
0%
Radeau avec éclairage
0%
Super explosif
0%
Super ressort
0%
Transporteur à trois roues
0%
Tri-canon
0%
Trois-roues
0%
Aucun quiz correspondant
Distribution des résultats
% des personnes avec chaque résultat
Percentile par nombre de réponses
Votre historique - résultats
Vous n’avez pas pris ce quiz